| 000 | 01105cab a2200289 4500 | ||
|---|---|---|---|
| 001 | ABS47855 | ||
| 008 | 090401t1993 xxu||||| |||| 00| 0 eng d | ||
| 035 | _a(Sirsi) u63701 | ||
| 041 | _aeng | ||
| 100 | _aNichols, S. | ||
| 245 | 4 | _aThe surveyor and the information highway | |
| 260 | _c1993 | ||
| 350 | _a0 | ||
| 490 |
_aProfessional Surveyor _v13(1) January 1993, 4-10(5) |
||
| 520 | _aDescribes a national spatial data infrastructure, which would facilitate the collation, location, communication and use of spatial information. The system would require the involvement of many databases, advanced technology at the user`s end for receiving data and the standardisation of procedures. (US article) | ||
| 650 | _aCADASTRAL SURVEYS | ||
| 650 | _aNATIONAL ENVIRONMENTAL DATABASE | ||
| 650 | _aNATIONAL SPATIAL DATA INFRASTRUCTURE | ||
| 650 | _aPROPERTY INFORMATION | ||
| 650 | _aSITE INVESTIGATIONS | ||
| 650 | _aSPATIAL INFORMATION | ||
| 650 | _aSURVEYORS | ||
| 650 | _aUSA | ||
| 690 | _aMANAGEMENT-BUSINESS MANAGEMENT-INFORMATION MANAGEMENT | ||
| 942 | _n0 | ||
| 948 | _c04/03/1997 | ||
| 999 |
_c39614 _d39614 |
||